000 00316nam a2200145Ia 4500
100 _aBobrowski Steve
250 _a2
942 _cBK
654 _aComputer
245 _aMastering Oracle 7 & Client/ Server Computing
260 _bBPB
_aNew Delhi
_c1996
300 _a714
546 _aENGLISH
999 _c25815
_d25815